Lectures on calculus
Saved in:
| Main Author: | |
|---|---|
| Other Authors: | |
| Format: | Book |
| Language: | English |
| Published: |
San Francisco :
Holden-Day,
[1967].
|
| Series: | The Mathesis series
|
| Subjects: | |
| Tags: |
Add Tag
No Tags, Be the first to tag this record!
|
MARC
| LEADER | 00000cam a2200000 a 4500 | ||
|---|---|---|---|
| 001 | 1/116838 | ||
| 008 | 180615s1967####us | ||| |||| ||eng|| | ||
| 040 | |a GR-MyUa |b gre |c GR-MyUa |e AACR2 | ||
| 041 | 0 | |a eng | |
| 082 | 7 | |a 515 |2 (23) | |
| 245 | 1 | 0 | |a Lectures on calculus / |c [by] A.H. Copeland... [et all] ; edited by Kenneth O. May. |
| 260 | |a San Francisco : |b Holden-Day, |c [1967]. | ||
| 300 | |a vii, 180 σ. ; |c 23 εκ. | ||
| 490 | 1 | |a (The mathesis series) | |
| 650 | 0 | |a Calculus. | |
| 700 | 1 | |a Copeland, A. H. |q (Arthur Herbert) |e aut | |
| 700 | 1 | |a May, Kenneth O. |q (Kenneth Ownsworth), |d 1915-1977, |e edt | |
| 830 | 0 | |a The Mathesis series | |
| 852 | |a INST |b SAMOS |e 20180615 |h 515 LEC |p 005300045520 |q 005300045520 |t BK |y 0 | ||
| 970 | |a Γουβάλα |b Βάσω |z 15-06-2018 | ||